[Event "Portugal Open 2020"]
[Site "Lisbon"]
[Date "2020.01.28"]
[Round "5.22"]
[White "Marzano, Carlo"]
[Black "Risting, Eivind Olav"]
[Result "0-1"]
[WhiteElo "2078"]
[BlackElo "2306"]
[Annotator "TA"]
[PlyCount "130"]
[EventDate "2020.01.25"]
[EventType "swiss"]
[EventCountry "POR"]
[SourceTitle "playchess.com"]
[Source "ChessBase"]
[SourceQuality "1"]

{[%evp 10,130,13,0,29,36,41,37,26,33,41,28,32,25,28,30,22,23,42,-13,-22,-31,0,0,-2,0,38,-30,81,38,64,53,70,42,44,31,149,0,0,-8,-9,-20,-8,-19,-39,-13,0,-11,55,32,118,-6,116,137,195,121,115,148,122,125,154,160,211,127,239,103,110,43,106,0,92,82,83,-8,-16,-193,-156,-210,-204,-295,17,-245,-275,-273,-273,-233,-278,-271,-260,-230,-245,-625,-658,-624,-580,-703,-700,-678,-662,-29972,-29973,-29973,-29970,-29972,-29975,-29975,-29974,-29974,-29975,-29973,-29974,-29975,-29977,-29979,-29980,-29979,-29979,-29984,-29985,-29985,-29986,-29993,-29994]} 1. d4 Nf6 2. c4 e6 3. Nf3 Bb4+ 4. Nbd2 O-O 5. a3 Be7 6. e4 d6 {E11: Bogo-Indian} (6... d5 $5 {[%cal Rd5e4]}) 7. Be2 Nfd7 8. b4 e5 {White is slightly better.} 9. d5 a5 10. Rb1 $146 ({Predecessor:} 10. Bb2 c5 11. dxc6 bxc6 12. O-O c5 13. b5 Bb7 14. a4 {1-0 (50) Wang,H (2711)-Le,T (2512) Kuala Lumpur 2018}) 10... axb4 11. axb4 c6 12. O-O cxd5 13. cxd5 Nb6 14. Nb3 (14. Re1 $14) 14... f5 $11 15. Nfd2 Bg5 16. Bd3 Kh8 17. Na5 Na6 18. Qe2 (18. exf5 $14 Nxd5 19. Ne4 Naxb4 20. Bxg5 Qxa5 21. g4) 18... f4 (18... Na4 $11 19. Nf3 Nc3 {[%mdl 64] Double Attack}) 19. Rb3 Rf7 20. Ba3 Qf8 21. Rc3 Bd8 22. Qd1 Bd7 (22... Rc7 $14 23. Rxc7 Nxc7) 23. Qe2 (23. Nxb7 $16 {Hoping for b5.} Nc7 24. b5) 23... Na4 24. Rb3 $36 {[%mdl 2048] White is pushing.} Bxa5 $1 25. bxa5 N6c5 26. Bxc5 Nxc5 27. Ra3 g5 28. Bb5 Bc8 (28... Bxb5 $11 29. Qxb5 g4) 29. Rc1 g4 (29... Bd7 $14) 30. Rcc3 ({White should play} 30. Rxc5 $1 $16 dxc5 31. Nc4) 30... Qd8 (30... f3 $1 $11 31. gxf3 Qh6) 31. Nc4 $16 Qf6 (31... Qf8 $16) 32. Qc2 (32. Nb6 $18 Rb8 33. Qc2) 32... Rc7 33. Nb6 Ra7 34. Rc4 f3 35. Qd2 fxg2 (35... Qg6 $16) 36. Qe3 Kg7 (36... Qg6 $16) 37. Kxg2 (37. Na4 $18 {has better winning chances.}) 37... h5 38. Qc1 (38. Kf1 $16) 38... Kh7 (38... Rf7 $1 $14) 39. Qe3 (39. Kg1 $16) 39... Kh8 (39... Kg7 $1 $11) 40. Qd2 h4 41. Na4 {[#]} (41. Kg1 $16) 41... g3 $1 $11 {[%cal Rg3h2][%mdl 512] And now ...gxh2 would win.} 42. hxg3 $2 (42. f3 $11 {and White stays safe.}) (42. fxg3 Rf7) 42... h3+ $19 43. Kh2 {[#]} (43. Kh1 $17 Rxa5 44. Rxc5 Rxc5 45. Be2) 43... Rxa5 $1 {[%mdl 512]} 44. Rb4 {[#]} (44. Be8 {was worth a try.} Nb3 45. Rxb3 Rxc4 46. Nb6) (44. Qxa5 Qxf2+) 44... Rf7 $2 ({Better is} 44... Rxb5 $1 $19 {[%mdl 512]} 45. Rxb5 Nxe4) 45. f4 $2 {[%mdl 8192]} (45. f3 $11 {and White is okay.}) 45... exf4 46. Qxf4 Qxf4 47. gxf4 Rxf4 48. Ra2 {Now Rc2 and White clings on.} Rxe4 ({Weaker is} 48... Nxe4 49. Re2 $17) 49. Rxe4 Nxe4 50. Nc3 $2 (50. Rb2) 50... Rxa2+ 51. Nxa2 {[%mdl 4096] Endgame KBN-KBN} Kg7 52. Bf1 Kf6 53. Nb4 Ke5 54. Bxh3 Bxh3 {Black mates.} 55. Kxh3 {KN-KN} Nc3 56. Kg3 Nxd5 57. Nc2 Ke4 58. Kf2 Kd3 59. Ne1+ Kc3 60. Ke2 b5 {[%cal Bb7b5,Bb5b4,Bb4b3,Bb3b2][%mdl 32]} 61. Kd1 b4 62. Kc1 Nb6 63. Nc2 Nc4 64. Na1 b3 65. Nc2 b2+ 0-1

[Event "Portugal Open 2020"]
[Site "Lisbon"]
[Date "2020.01.28"]
[Round "5.23"]
[White "Grabuzova, Tatiana"]
[Black "Jorge, Rita Maria Osorio"]
[Result "1/2-1/2"]
[WhiteElo "2284"]
[BlackElo "1932"]
[Annotator "TA"]
[PlyCount "132"]
[EventDate "2020.01.25"]
[EventType "swiss"]
[EventCountry "POR"]
[SourceTitle "playchess.com"]
[Source "ChessBase"]
[SourceQuality "1"]

{[%evp 15,132,33,38,29,48,28,39,30,46,43,54,44,69,64,63,48,75,75,70,68,70,64,77,66,72,75,71,75,46,53,40,-4,0,-9,-14,-41,-43,-54,-29,-87,-104,-87,0,0,0,0,0,0,13,10,9,0,0,0,0,0,8,7,12,6,8,1,1,8,33,29,38,58,85,72,73,10,11,10,10,10,10,10,29,12,10,0,0,0,0,0,0,-8,-8,-8,-8,-8,-8,-8,-8,-8,0,0,0,0,0,0,0,0,0,0,0,0,0,0,0,0,0,0,0,0,0,-8,0]} 1. d4 Nf6 2. c4 e6 3. g3 Bb4+ 4. Bd2 Bxd2+ 5. Qxd2 Nc6 6. Bg2 d6 7. Nc3 O-O 8. Nf3 e5 9. dxe5 {E11: Bogo-Indian} (9. O-O Bg4 10. dxe5 Nxe5 11. Nxe5 dxe5 12. Rfd1 c6 13. Qe3 Qc7 14. b3 h6 15. Rd2 Be6 16. h3 Qa5 17. Rad1 Rac8 {1-0 (60) Dreev,A (2670)-Kovalev,V (2683) St Petersburg 2018}) 9... dxe5 10. Qxd8 Rxd8 11. O-O {White is slightly better.} Be6 12. b3 h6 13. Rfd1 a6 $146 ({Predecessor:} 13... Kf8 14. Nb5 Ne8 15. Nd2 Nd4 16. Nxd4 Rxd4 {½-½ (57) Stricker,F-Webb,L (2252) Dortmund 2014}) 14. Ne1 Bf5 15. Nd5 Nxd5 16. cxd5 Ne7 17. e4 Bg4 18. f3 Bh5 19. Nd3 c6 $1 20. Nxe5 {Black must now prevent g4.} cxd5 21. exd5 Nxd5 22. g4 f6 23. Nc4 (23. f4 $5 Nxf4 24. Bxb7 $14) 23... Bf7 24. f4 b5 25. Na5 {[#] Hoping for Nc6.} (25. Bxd5 $5 Bxd5 26. Ne3 $11) 25... Ne3 26. Bxa8 Nxd1 27. Bb7 (27. Rc1 $11 {remains equal.}) 27... Rd2 28. a4 Bd5 (28... Nf2 $17 29. Bxa6 Nh3+ 30. Kf1 Rxh2) 29. Bxd5+ $11 Rxd5 {[%mdl 4096] Endgame KRN-KRN} 30. Nc6 {[#] Strongly threatening Ne7+.} Rd6 31. Ne7+ Kf7 32. Nf5 Rd7 33. axb5 axb5 34. Ra6 Nc3 35. Kf2 Nd5 36. Kf3 b4 37. h4 Nc3 38. h5 Rd3+ 39. Kf2 Rd2+ 40. Ke3 Rd7 41. Rd6 Rc7 42. Kd3 Na2 43. Rb6 ({Better is} 43. Ke4 $16) 43... Nc1+ 44. Ke4 Nxb3 45. Rxb4 Nc5+ 46. Kd5 Nd3 47. Re4 Nf2 {The position is equal.} 48. Nd6+ Kg8 49. Re8+ Kh7 50. Ke6 Nxg4 51. Nf7 {[%csl Gf7][%cal Re8h8]} (51. Nf5 {is more complex.} Rc6+ 52. Kd5 Rc7 53. Ke6) 51... g6 52. hxg6+ Kxg6 53. Rg8+ Kh5 54. Nd6 Ra7 55. Ne4 Ra4 (55... Ra6+ {is interesting.} 56. Ke7 Rb6 57. Ng3+ Kh4 58. Nf5+ Kh3) 56. Nxf6+ Nxf6 57. Kxf6 Rxf4+ {KR-KR} 58. Ke5 Rf1 (58... Rg4 {keeps more tension.} 59. Ra8 Rc4 60. Kf5 Rc2 61. Rg8 Ra2) 59. Ke4 Kh4 60. Ke3 $1 h5 61. Ke2 Rf7 62. Rg1 Kh3 63. Rh1+ Kg4 64. Rg1+ Kh3 65. Rh1+ Kg4 66. Rg1+ Kh3 {Accuracy: White = 69%, Black = 55%.} 1/2-1/2

[Event "Portugal Open 2020"]
[Site "Lisbon"]
[Date "2020.01.28"]
[Round "5.24"]
[White "Fidalgo, Andre Neves"]
[Black "Monteiro, Jose Macedo"]
[Result "1-0"]
[WhiteElo "2282"]
[BlackElo "1881"]
[Annotator "TA"]
[PlyCount "141"]
[EventDate "2020.01.25"]
[EventType "swiss"]
[EventCountry "POR"]
[SourceTitle "playchess.com"]
[Source "ChessBase"]
[SourceQuality "1"]

{[%evp 10,141,47,18,38,-17,48,-23,-26,-95,-29,-27,0,-12,0,0,0,0,11,-26,0,0,0,-7,-7,-7,-8,-7,12,13,6,17,70,73,90,81,146,145,159,111,112,105,126,113,109,118,149,155,159,158,167,159,163,149,164,168,160,143,114,138,137,99,175,15,64,37,42,34,51,8,77,52,88,81,124,132,167,168,188,60,90,100,87,96,102,69,74,68,104,95,147,111,376,85,282,245,364,338,342,328,608,600,592,572,558,545,544,504,777,731,2183,1959,2025,2109,1793,1878,2018,1060,12843,12843,12844,12841,12840,12834,12836,12836,12836,12836,12841,12842,12844,12842,12841,12841]} 1. d4 Nf6 2. Nf3 g6 3. c4 c5 4. Nc3 cxd4 5. Nxd4 Bg7 6. g3 d5 {A31: Symmetrical English: 2 Nf3 Nf6 3 d4} (6... O-O 7. Bg2 Nc6 8. O-O Qa5 9. Nb3 Qh5 10. e4 Qxd1 11. Rxd1 d6 12. c5 dxc5 13. Nxc5 b6 14. e5 Nxe5 15. Bxa8 Bg4 16. Re1 Rxa8 17. Rxe5 bxc5 18. Rxc5 Nd7 19. Rc7 Be5 {1-0 (29) Sargissian,G (2686)-Harikrishna,P (2726) Dubai 2014}) 7. Nf3 (7. cxd5 $14 Nxd5 8. Ndb5 Nxc3 9. Qxd8+ Kxd8 10. Nxc3) 7... dxc4 $146 (7... Qa5 $11) ({Predecessor:} 7... e6 8. Bg2 O-O 9. cxd5 Nxd5 10. Nxd5 exd5 11. O-O Nc6 12. Ne1 Bg4 13. h3 Bf5 14. Nd3 {0-1 (25) Ogurtani,E (1816)-Can,M (1959) Istanbul 2013}) 8. Qa4+ (8. Qxd8+ $14 Kxd8 9. Bf4) 8... Nc6 $11 {Black has an edge.} 9. Qxc4 (9. Bg2 $1 $11) 9... O-O ({Black should play} 9... Be6 $17 10. Qa4 Nd5) 10. Bg2 h6 11. O-O e5 12. Be3 Be6 13. Qa4 Qe7 $1 14. Rfd1 Rfd8 15. Rxd8+ Rxd8 16. Bxa7 Nxa7 17. Qxa7 Qb4 18. Rb1 $1 e4 19. a3 $1 $36 {[%cal Ra3b4][%mdl 2048] White is pushing.} Qc4 20. Qb6 Qc8 (20... Rd5 $1 $11) 21. Nd4 $14 Bc4 22. Rd1 Re8 ({Black should try} 22... Nd7 23. Qa5 f5) 23. Ndb5 $16 Nd7 24. Qc7 Bxb5 25. Nxb5 Nf6 26. Qxc8 Rxc8 27. Nc3 e3 28. fxe3 Ng4 29. Bh3 h5 30. Bxg4 hxg4 $18 {[%mdl 4096] Endgame KRB-KRN} 31. Rd3 Kf8 32. Kf2 Ke8 33. e4 Rc4 34. Nb5 {Black must now prevent Nd6+.} Ke7 35. b3 Rxe4 36. e3 $2 (36. Nd6 $1 $18 {[%cal Rd6e4]} Re5 37. a4 (37. Nxb7 Rh5 $16)) 36... Re6 37. Nc7 Rc6 38. Nd5+ Ke8 39. Rd2 b5 (39... Rc1 $11) 40. Ra2 Rc5 41. e4 Bd4+ 42. Ke2 $1 Rc1 43. Kd3 Bg7 {[#]} 44. Rc2 (44. a4 $1 $18) 44... Rb1 {[#]} 45. Nc7+ $1 Kd7 46. Nxb5 Rxb3+ 47. Kc4 Re3 48. Rd2+ Ke7 49. Kd5 Rb3 (49... Re1 $142) 50. Kc6 Ke6 $2 {[%mdl 8192]} (50... Rb1 $16) 51. Re2 $2 (51. a4 $18 {and the rest is easy.}) 51... Ke5 $2 (51... Rb1 $16) 52. a4 {[%cal Ba3a4,Ba4a5][%mdl 32] a5 is the strong threat.} Rb1 (52... Rb4 $142) 53. a5 {Strongly threatening a6.} Ra1 54. Kb6 Bf8 $2 (54... Bf6 55. a6 Bd8+ 56. Kb7 Rb1) 55. a6 {White is clearly winning.} Rc1 56. a7 Bc5+ 57. Kb7 Bxa7 58. Nxa7 {KRN-KR} Kd4 (58... f6 $142 59. Nc6+ Ke6) 59. e5 Kd3 60. Rf2 Ke4 61. Nc6 Kd5 62. Rd2+ Ke4 63. Rd7 Kf3 64. Rxf7+ Kg2 65. Rh7 Re1 66. Kc7 Kg1 67. Kd7 Rd1+ 68. Ke7 Kg2 69. e6 Rc1 70. Kd6 Rd1+ 71. Kc7 {Accuracy: White = 57%, Black = 21%.} 1-0

[Event "Portugal Open 2020"]
[Site "Lisbon"]
[Date "2020.01.28"]
[Round "5.25"]
[White "Atakay, Mustafa"]
[Black "Baba, Masahiro"]
[Result "0-1"]
[WhiteElo "1886"]
[BlackElo "2274"]
[Annotator "TA"]
[PlyCount "64"]
[EventDate "2020.01.25"]
[EventType "swiss"]
[EventCountry "POR"]
[SourceTitle "playchess.com"]
[Source "ChessBase"]
[SourceQuality "1"]

{[%evp 19,64,75,50,9,12,0,4,4,23,24,27,-49,-8,-2,-2,-7,-2,0,-4,-4,-6,-26,-12,-18,-29,-12,0,-4,0,0,0,0,0,-23,0,-6,0,-77,0,-51,-58,-102,-129,-172,-144,-489,-412]} 1. d4 Nf6 2. c4 g6 3. g3 c6 4. Bg2 d5 5. Qa4 Bg7 6. cxd5 Nxd5 7. Nf3 O-O 8. O-O Nd7 9. e4 N5b6 10. Qc2 e5 11. Rd1 {A11: English Opening: 1...c6} exd4 12. Nxd4 Qe7 $1 13. Nc3 {The position is equal.} Rd8 14. Nf3 $146 ({Predecessor:} 14. Nb3 Ne5 15. Rxd8+ Qxd8 16. Be3 Bg4 17. h3 Bf3 18. Bxf3 Nxf3+ {½-½ (26) Quinteros,M (2500)-Panno,O (2510) Buenos Aires 1990}) 14... Ne5 15. Bf4 (15. Rxd8+ $11 Qxd8 16. Nxe5 Bxe5 17. Ne2) 15... Bg4 (15... Nxf3+ {looks sharper.} 16. Bxf3 Be6 17. h4 Nc4 18. Rac1 Ne5) 16. Rxd8+ Rxd8 17. Nxe5 Bxe5 18. Bxe5 Qxe5 19. h3 Be6 20. b3 h5 21. Rd1 Rxd1+ 22. Nxd1 Qd4 23. Nc3 Nd7 24. Ne2 Qd6 25. Nf4 Nf8 26. Nd3 Bc8 27. Qc3 Ne6 28. f4 {[#]} (28. h4 $11 {keeps the balance.}) 28... Nd4 ({Black should play} 28... h4 $1 $17 {[%cal Rh4g3]} 29. g4 Nxf4 30. Nxf4 Qxf4) 29. Kf2 (29. Kh2 $11) 29... Nb5 $36 {[%mdl 2048] Black is pushing.} 30. Qc2 Qd4+ 31. Kf1 Nc3 32. a3 $2 {[%mdl 8192] [#]} (32. Nf2 $17 {is more resistant.}) 32... Nxe4 {Accuracy: White = 30%, Black = 48%.} 0-1

[Event "Portugal Open 2020"]
[Site "Lisbon"]
[Date "2020.01.28"]
[Round "5.26"]
[White "Silich, Yahor"]
[Black "Jaracz, Pawel"]
[Result "1/2-1/2"]
[WhiteElo "2158"]
[BlackElo "2466"]
[Annotator "TA"]
[PlyCount "64"]
[EventDate "2020.01.25"]
[EventType "swiss"]
[EventCountry "POR"]
[SourceTitle "playchess.com"]
[Source "ChessBase"]
[SourceQuality "1"]

{[%evp 22,64,24,25,32,29,32,24,44,27,28,32,32,30,48,20,39,25,19,11,11,0,0,0,21,0,0,-28,-26,-25,0,0,0,0,0,-22,0,0,0,0,0,0,21,-743,-696]} 1. e4 c5 2. Nf3 e6 3. Nc3 a6 4. g3 Nc6 5. Bg2 d6 6. O-O Be7 7. d4 cxd4 8. Nxd4 Bd7 9. Nxc6 Bxc6 10. a4 Nf6 11. a5 O-O 12. Be3 Qd7 {B80: Sicilian Scheveningen: 6 g3 and 6 Be3, including English Attack} (12... Nd7 13. Re1 Qc7 14. Qd2 Rae8 15. Ne2 Nc5 16. Nc3 Nd7 17. Bd4 h6 18. Na2 Bg5 19. Be3 Bf6 20. Rab1 Nc5 21. f3 Rc8 {½-½ (115) Robson,R (2667)-Movsesian,S (2629) chess.com INT 2019}) 13. Qe2 Rac8 14. Bd4 $146 ({Predecessor:} 14. Rfd1 e5 15. h3 h6 16. b3 Rfe8 17. Nd5 Bxd5 18. exd5 e4 19. c4 Nh7 20. Bxe4 Bf6 21. Bxh7+ Kxh7 22. Qd3+ Kg8 23. Bd4 Bxd4 24. Qxd4 Qxh3 25. Re1 {½-½ (25) Matulovic,M (2433)-Florean,A (2441) Bucharest 2000}) 14... e5 {White has an edge.} 15. Be3 Qg4 16. Qxg4 Nxg4 17. Bb6 g6 18. Rad1 f5 19. exf5 {Hoping for Nd5.} Bxg2 20. Kxg2 gxf5 21. Nd5 Kf7 $1 22. c3 Nf6 23. Nxf6 Kxf6 24. Rd5 Ke6 25. Rfd1 f4 26. Kf1 h5 27. R5d3 Rf5 28. f3 Kd7 29. Ke2 Rg8 30. Bf2 Ke6 31. c4 fxg3 32. Ke3 $2 {[%mdl 8192] [#]} (32. hxg3 $11 Rf7 33. b3) 32... e4 $1 {[%mdl 33280] Accuracy: White = 35%, Black = 60%. . An unexpected result.} 1/2-1/2

[Event "Portugal Open 2020"]
[Site "Lisbon"]
[Date "2020.01.28"]
[Round "5.27"]
[White "Silva, Goncalo Nuno Neto Pi"]
[Black "Sarkar, Justin"]
[Result "1/2-1/2"]
[WhiteElo "2133"]
[BlackElo "2385"]
[Annotator "TA"]
[PlyCount "76"]
[EventDate "2020.01.25"]
[EventType "swiss"]
[EventCountry "POR"]
[SourceTitle "playchess.com"]
[Source "ChessBase"]
[SourceQuality "1"]

{[%evp 10,76,31,22,30,22,35,23,29,20,29,23,22,4,13,0,4,-13,-19,-7,-25,-25,-8,-34,-37,-58,-42,-98,-98,-89,-76,-98,-98,-96,-95,-96,-81,-106,-75,-92,-74,-86,-60,-72,-55,-63,-14,-72,-6,-21,-7,-16,29,32,45,0,0,0,0,0,0,0,0,0,0,0,0,0,0]} 1. e4 c5 2. Nf3 a6 3. c3 d5 4. exd5 Qxd5 5. d4 Nf6 6. Be2 cxd4 {B28: Sicilian: 2 Nf3 a6 (O'Kelly Variation)} 7. cxd4 e6 8. O-O (8. Nc3 Qd6 9. Ne5 Nc6 10. Nxc6 bxc6 11. O-O Be7 12. Bg5 O-O 13. Qd2 a5 14. Rfd1 {½-½ (35) Saric,I (2680)-Artemiev,V (2761) Poikovsky 2019}) 8... Nc6 {White has an edge.} 9. Nc3 Qd6 10. Bg5 Be7 11. Bh4 O-O 12. Qd2 b5 $146 ({Predecessor:} 12... Nb4 13. Bxf6 gxf6 14. Ne4 Qb6 15. Qh6 Qd8 16. Rad1 Kh8 17. Bd3 Nxd3 18. Rxd3 Rg8 {0-1 (41) Kalkhoff,T (1974)-Borger,A (2093) SVR 2009}) 13. Bg3 Qd8 14. Rfd1 Bb7 15. Rac1 Qb6 16. Bf4 Rfd8 17. Be3 Ng4 18. a3 (18. Bd3 $15) 18... Nxe3 $17 19. Qxe3 Bf6 {[%cal Rc6d4]} 20. Ne4 Bxd4 21. Nxd4 Nxd4 22. Bd3 Rac8 23. h3 e5 24. Rxc8 Bxc8 25. b4 Bf5 (25... f5 {is more complex.} 26. Nc5 Qd6 27. f3 g6 28. Re1 Nc6) 26. Nc5 Bxd3 27. Rxd3 f6 28. Qe4 (28. f4 $11 {remains equal.}) 28... g6 ({Better is} 28... Qd6 $17) 29. Kh1 Kf7 30. f4 Ne6 (30... Qc7 {looks sharper.} 31. fxe5 Qxe5 32. Qb7+ Qe7 33. Qxa6 h5) 31. Rxd8 Qxd8 32. fxe5 Nxc5 {The position is equal.} 33. bxc5 {Qb7+ is the strong threat.} fxe5 34. Qxe5 $11 {KQ-KQ} Qe7 35. Qf4+ Qf6 36. Qc7+ Qe7 37. Qf4+ Qf6 38. Qc7+ Qe7 {Accuracy: White = 56%, Black = 57%.} 1/2-1/2

[Event "Portugal Open 2020"]
[Site "Lisbon"]
[Date "2020.01.28"]
[Round "5.28"]
[White "Bashirli, Nail"]
[Black "Borges, Guilherme Deola"]
[Result "1-0"]
[WhiteElo "2379"]
[BlackElo "2134"]
[Annotator "TA"]
[PlyCount "75"]
[EventDate "2020.01.25"]
[EventType "swiss"]
[EventCountry "POR"]
[SourceTitle "playchess.com"]
[Source "ChessBase"]
[SourceQuality "1"]

{[%evp 14,74,12,-20,-10,-30,-18,-14,30,-7,-12,0,37,12,12,16,28,19,26,12,60,60,60,60,69,29,32,26,30,35,60,60,65,16,12,0,27,34,20,0,37,0,17,18,20,18,116,119,266,258,1013,972,1238,852,29988,29984,29988,29989,29989,29990,29990,29991,29999]} 1. e4 c5 2. Nc3 a6 3. Nf3 e6 4. g3 b5 {[%cal Bb7b5,Bb5b4][%mdl 32]} 5. Bg2 Bb7 6. d3 d6 7. O-O Nf6 8. Ng5 h6 {B40: Sicilian: 2...e6, Unusual lines} 9. Nh3 b4 10. Nb1 {[%cal Bc3b1,Bb1d2,Bd2e4][%mdl 32]} d5 $146 {[%cal Rd5e4] The position is equal.} ({Predecessor:} 10... Nc6 11. Nd2 g6 12. Nc4 Bg7 13. Bf4 e5 14. Be3 O-O 15. f4 exf4 16. Bxf4 {0-1 (30) Ehlvest,J (2586)-Kamsky,G (2733) Saint Louis 2011}) 11. e5 Nfd7 12. f4 g6 13. Be3 Nc6 14. Nd2 Qc7 15. c4 d4 16. Bf2 a5 17. Ne4 a4 18. a3 b3 19. g4 Be7 20. Bg3 O-O-O 21. Qe2 h5 22. Nhg5 Rdf8 23. h4 hxg4 24. Qxg4 Nd8 25. Rae1 Kb8 26. Rf2 Ka7 27. Kf1 (27. Bh1 {looks sharper.} Kb8 28. Bf3 Rfg8 29. Rh2 Rg7 30. Ree2) 27... f5 28. exf6 $1 Nxf6 29. Nxf6 Bxf6 (29... Rxf6 $11 {keeps the balance.} 30. Bxb7 (30. Nxe6 Bxg2+ 31. Kxg2 Qc6+ {[%mdl 64] Double Attack} 32. Qf3 Qxf3+ 33. Kxf3 Rxe6 $11) 30... Qxb7) 30. Nxe6 $16 Nxe6 (30... Bxg2+ $16 31. Kxg2 Qc6+ 32. Kg1 Re8) 31. Rxe6 $18 Bc8 $2 {[#]} (31... Bxg2+ 32. Kxg2 Qb7+ 33. Kg1 Qc8) 32. f5 Qg7 33. Rc6 Bxf5 34. Rxf5 {White mates.} gxf5 35. Qf4 Rc8 {[#]} 36. Qd6 $1 {[%csl Gd6][%cal Rc6a6][%mdl 576] Double Attack} Rxc6 37. Qxc6 Qxg3 38. Qb7# {Accuracy: White = 54%, Black = 24%.} 1-0

[Event "Portugal Open 2020"]
[Site "Lisbon"]
[Date "2020.01.28"]
[Round "5.29"]
[White "Cordeiro, Joao Carlos Santos F"]
[Black "Loeffler, Stefan"]
[Result "1-0"]
[WhiteElo "2005"]
[BlackElo "2376"]
[Annotator "TA"]
[PlyCount "71"]
[EventDate "2020.01.25"]
[EventType "swiss"]
[EventCountry "POR"]
[SourceTitle "playchess.com"]
[Source "ChessBase"]
[SourceQuality "1"]

{[%evp 10,71,39,31,42,33,39,0,3,0,10,10,8,0,6,-3,0,0,6,0,0,-2,0,0,0,-27,0,0,4,0,6,0,6,0,14,0,5,5,6,3,8,6,30,18,21,22,28,47,189,182,480,538,581,681,620,595,574,462,443,400,400,364,334,326]} 1. e4 Nf6 2. e5 Nd5 3. d4 d6 4. Nf3 dxe5 5. Nxe5 c6 6. Be2 Bf5 {B04: Alekhine's Defence: 4 Nf3} 7. O-O (7. c3 Nd7 8. Nf3 e6 9. O-O Bd6 10. Re1 O-O 11. Nbd2 h6 12. Nc4 Bc7 13. a4 a5 14. Bd3 {1-0 (40) Vachier Lagrave,M (2779)-Dominguez Perez,L (2739) chess.com INT 2018}) 7... Nd7 8. Nxd7 (8. Nd3 {keeps more tension.} h5 9. Re1 g6 10. Nd2 Bg7 11. Nf3) 8... Qxd7 {The position is equal.} 9. a3 g6 10. c4 Nc7 11. Be3 Bg7 12. Qd2 O-O 13. Rd1 $146 ({Predecessor:} 13. Nc3 b5 {½-½ (37) Nyudleev,D (2338)-Nikolenko,O (2499) Moscow 2016}) 13... b5 14. Nc3 bxc4 15. Bxc4 Rfd8 16. Rac1 Be6 17. Qe2 Bd5 18. Nxd5 cxd5 19. Bd3 a5 20. b3 Ne6 21. Bb5 Qa7 {[%cal Rg7d4]} 22. Qb2 Rac8 23. Rxc8 Rxc8 24. a4 {[%cal Ba3a4,Ba4b5][%mdl 32]} Qb7 25. Qd2 $36 {[%mdl 2048] Black is under pressure.} Nc7 26. Rc1 {Strongly threatening Qc3.} Nxb5 27. Rxc8+ Qxc8 28. axb5 {Hoping for b6.} Qc7 {[#]} (28... f5 $14) 29. g3 $1 $18 Bf8 $2 {[#]} (29... Bf6 {keeps fighting.}) 30. Qc1 $1 {[%cal Rc1c7]} Qxc1+ 31. Bxc1 {KB-KB} e5 32. dxe5 Bc5 33. Kf1 Kf8 34. Ke2 Ke7 35. f4 Kd7 36. Bd2 {Accuracy: White = 61%, Black = 34%.} 1-0

[Event "Portugal Open 2020"]
[Site "Lisbon"]
[Date "2020.01.28"]
[Round "5.30"]
[White "Sabuk, Piotr"]
[Black "Fidalgo, Daniel Neves"]
[Result "1-0"]
[WhiteElo "2360"]
[BlackElo "2076"]
[Annotator "TA"]
[PlyCount "35"]
[EventDate "2020.01.25"]
[EventType "swiss"]
[EventCountry "POR"]
[SourceTitle "playchess.com"]
[Source "ChessBase"]
[SourceQuality "1"]

{[%evp 18,35,9,17,47,30,60,42,68,64,81,75,145,125,323,321,404,407,558,377]} 1. d4 Nf6 2. c4 g6 3. Nc3 d5 4. cxd5 Nxd5 5. e4 Nxc3 6. bxc3 Bg7 7. Nf3 c5 8. h3 O-O 9. Be2 Nc6 10. Be3 Qa5 {[#] And now ...cxd4 would win. D85: Exchange Grünfeld: Unusual White 7th moves and lines with 7 Nf3} 11. O-O (11. Bd2 e6 12. O-O Qc7 13. Be3 b6 14. dxc5 bxc5 15. Bxc5 Rd8 16. Qa4 Ne5 17. Bd4 Nxf3+ 18. Bxf3 {½-½ (26) Grachev,B (2614)-Duda,J (2758) Moscow 2019}) 11... Rd8 12. d5 Ne5 {White is slightly better.} 13. Nd2 b6 $146 ({Predecessor:} 13... c4 14. Bd4 Qc7 15. f4 Nd3 16. Bxd3 Bxd4+ 17. cxd4 cxd3 18. Rc1 {½-½ (69) Kunin,V (2567)-Schmidek,E (2391) Karlsruhe 2017}) 14. c4 Ba6 {[#]} (14... Qa3 $142) 15. Rb1 $1 $16 Nc6 $2 (15... Nd7 $16 {was called for.}) 16. dxc6 $18 Bc3 17. c7 Rd7 18. Qc2 {Accuracy: White = 81%, Black =  0%.} 1-0

[Event "Portugal Open 2020"]
[Site "Lisbon"]
[Date "2020.01.28"]
[Round "5.31"]
[White "Lekic, Dusan"]
[Black "Pastor Alonso De Prado, Alberto"]
[Result "1/2-1/2"]
[WhiteElo "2343"]
[BlackElo "2074"]
[Annotator "TA"]
[PlyCount "54"]
[EventDate "2020.01.25"]
[EventType "swiss"]
[EventCountry "POR"]
[SourceTitle "playchess.com"]
[Source "ChessBase"]
[SourceQuality "1"]

{[%evp 19,54,0,5,0,0,0,0,0,0,-14,14,-73,-77,-77,-77,-61,-74,-74,-83,-102,-93,-133,-133,-122,-83,-76,-76,-81,-84,-60,-10,-6,-10,-12,0,0,0]} 1. d4 d5 2. c4 e6 3. Nf3 Nf6 4. g3 Be7 5. Bg2 O-O 6. O-O dxc4 7. Ne5 Nc6 8. Nxc6 bxc6 9. Na3 Bxa3 10. bxa3 Ba6 11. Qd2 {E05: Open Catalan: 5 Nf3 Be7.} Rb8 12. Qa5 Qc8 13. a4 Rd8 14. Ba3 c3 {[#]} 15. Be7 $146 (15. Rfc1 $11 {keeps the balance.}) ({Predecessor:} 15. Qxc3 Bxe2 16. Rfb1 Rb6 17. Bc5 Nd5 18. Qa5 Bd3 19. Rc1 Rb7 20. Qd2 Bg6 21. Bf1 Qb8 22. Bc4 Rb2 23. Qe1 Nb4 24. Qc3 {½-½ (24) Kazakovskiy,V (2434)-Duzhakov,I (2404) St Petersburg 2018}) 15... Rxd4 $17 ({Stronger than} 15... Bxe2 16. Bxd8 Qxd8 17. Rfe1 $16) 16. Bxf6 gxf6 17. Qxc3 Qd8 18. Bf3 Rbb4 19. Rfc1 Rbc4 ({Don't play} 19... Rxa4 $6 20. Qxc6 Qc8 21. Qc5 $11) 20. Qb3 {[#]} c5 $1 21. Rxc4 Bxc4 22. Qc2 Bd5 23. e4 Ba8 24. Qxc5 f5 ({Don't go for} 24... Rxa4 $2 25. Rd1 $18) 25. Qxa7 {The position is equal.} Bxe4 26. Bxe4 fxe4 27. a5 Rd1+ {Accuracy: White = 83%, Black = 86%.} 1/2-1/2